| 000 | 00462nam a2200181Ia 4500 | ||
|---|---|---|---|
| 008 | 230711s9999||||xx |||||||||||||| ||und|| | ||
| 020 | _a978-81-265-54003-3 | ||
| 041 | _aENG | ||
| 082 |
_a658.05 _bRA-I |
||
| 100 | _aRainer,R.Kelly | ||
| 245 | 0 | _aIntroduction to information systems | |
| 250 | _a4th . Ed. | ||
| 260 |
_c2016 _aNew Delhi _bWiley & Sons |
||
| 300 | _a466p. | ||
| 650 | _aUNIVESITY BUSNIESS SCHOOL | ||
| 700 | _aCegielski,Casey G | ||
| 942 | _cBK | ||
| 999 |
_c5942 _d5942 |
||